| 000 | 00684nam a22002057a 4500 | ||
|---|---|---|---|
| 999 |
_c182226 _d182226 |
||
| 005 | 20211102113151.0 | ||
| 010 | _aENG-95965 | ||
| 020 |
_a9788131724880 _c120.00 |
||
| 035 | _aEN-79498 | ||
| 037 | _bDorling Kindersley | ||
| 082 | _a000 | ||
| 100 | _aSinha, Nishit K. | ||
| 245 |
_aThe Pearson guide to logical reasoning and data interpretation for the CAT/ _cby Nishit K. Sinha |
||
| 250 | _a2nd ed. | ||
| 260 |
_aNew Delhi _bDorling Kindersley _c2009 |
||
| 270 |
_a14, Local Shopping Centre, Panchsheel Park, _bNew Delhi _e110017 |
||
| 300 |
_axx, 116p.: _c28cm.(Pbk) _bill |
||
| 942 |
_2ddc _cEN _mSIN _h000 |
||